Statistieken voor Heeft U een Goed Verbaal Geheugen?

Klik hier om de quiz te nemen!

Algemene statistieken

  • Deze quiz is 1.535 keer genomen
  • De gemiddelde score is 77 van 100

Antwoordstatistieken

HintAntwoord% Correct
HegemonieNIEUW
94%
VoorbehoudNIEUW
94%
DevaluatieNIEUW
94%
ToewijdingNIEUW
93%
HikNIEUW
91%
BossenNIEUW
90%
ConcordaatNIEUW
90%
IncidenteelNIEUW
90%
LeukNIEUW
90%
OntkoppelenNIEUW
89%
PhiNIEUW
88%
GreintjeNIEUW
88%
VentilatiegatNIEUW
87%
AileronNIEUW
87%
GeperforeerdNIEUW
87%
VerzachtenNIEUW
86%
HoornNIEUW
85%
AnnulerenNIEUW
85%
ReliekschrijnenNIEUW
85%
AugurkenNIEUW
85%
HikGEZIEN
84%
KanjiNIEUW
84%
VerwardNIEUW
84%
HetaeresNIEUW
84%
WrederNIEUW
83%
DagdromenNIEUW
83%
OecumeneNIEUW
83%
KorsetNIEUW
83%
BossenGEZIEN
82%
TravertijnNIEUW
81%
BoemannenNIEUW
81%
LaarzenNIEUW
81%
MisselijkheidNIEUW
81%
GrootmoedigheidNIEUW
81%
VoorkamersNIEUW
81%
WrederGEZIEN
80%
VerwardGEZIEN
80%
ParaplegieNIEUW
80%
GeblauwdNIEUW
80%
BuitenlandsNIEUW
80%
ProfetieNIEUW
80%
DerdeNIEUW
80%
WrederGEZIEN
79%
BossenGEZIEN
79%
RiksjaNIEUW
79%
SpeelboekenNIEUW
79%
ParaplegieGEZIEN
78%
HikGEZIEN
78%
GreintjeGEZIEN
78%
GenietenGEZIEN
78%
VoorbehoudGEZIEN
78%
DagdromenGEZIEN
78%
ExperimentatorNIEUW
78%
UitgestrektNIEUW
78%
KabelsNIEUW
78%
DevaluatieGEZIEN
77%
DagdromenGEZIEN
77%
WrederGEZIEN
77%
RiksjaGEZIEN
77%
GapendNIEUW
77%
VoorbehoudGEZIEN
76%
BoemannenGEZIEN
76%
HetaeresGEZIEN
76%
VoorbehoudGEZIEN
76%
RiksjaGEZIEN
76%
ToewijdingGEZIEN
76%
AntropoïdeNIEUW
76%
InstitutionaliseringNIEUW
76%
HelderheidGEZIEN
75%
AlpenhoornNIEUW
75%
VentilatiegatGEZIEN
74%
AntropoïdeGEZIEN
74%
GenietenNIEUW
73%
AdopterenNIEUW
73%
OpgestegenNIEUW
73%
StandaardNIEUW
73%
IncidenteelGEZIEN
72%
IncidenteelGEZIEN
72%
VerdelerNIEUW
72%
AileronGEZIEN
71%
HetaeresGEZIEN
71%
AquariaNIEUW
71%
HoornGEZIEN
70%
DevaluatieGEZIEN
70%
AquariaGEZIEN
69%
LeukGEZIEN
69%
ProfetieGEZIEN
68%
HelderheidGEZIEN
68%
VerwardGEZIEN
68%
HeersendNIEUW
68%
GegevenNIEUW
67%
HelderheidNIEUW
65%
GeblauwdGEZIEN
63%
ToewijdingGEZIEN
62%
WrederGEZIEN
61%
UitgestrektGEZIEN
59%
AnnulerenGEZIEN
57%
ParaplegieGEZIEN
55%
VerstandNIEUW
45%
GeheugenNIEUW
44%

Scoreverdeling

Percentiel versus Aantal Correcte Antwoorden

Procent van Mensen met Elke Score

Uw Scoregeschiedenis

U heeft deze quiz nog niet genomen